College Quizbowl Stats
College Quizbowl Stats
Circuits
Seasons
Sets
Records
Detailed Stats
About
Loading...
South Central
Tossups
Bonuses
Players
Teams
Categories (Tossup)
Categories (Bonus)
Teag Summers-Herbek
Nebraska B
Categories
Category
Powers
Gets
Negs
BBs
Points
Earliest Buzz
Avg. Buzz
First Buzzes
Top 3 Buzzes
BPA
PVF
Science - Chemistry
0
2
0
1
20
103
103.50
0
0
0.10
5.00
Science - Other
0
2
1
1
15
77
92.50
0
1
3.06
8.33
History - Other
0
1
0
0
10
75
75.00
0
0
2.57
5.00
Popular Culture
0
1
0
0
10
73
73.00
1
1
6.18
16.67
Buzzes
Category
Answer
Value
Buzz Position
Science - Other
C
-5
61
Popular Culture
New York Giants
10
73
History - Other
water
10
75
Science - Other
integer factorization
10
77
Science - Chemistry
aluminum
10
103
Science - Chemistry
benzene
10
104
Science - Other
computer graphics
10
108
Previous
1
Next